| 000 | 00526nam a2200181 4500 | ||
|---|---|---|---|
| 001 | 107214 | ||
| 003 | ES-MaACL | ||
| 005 | 20230906184353.0 | ||
| 007 | t| | ||
| 008 | 061121s1985 sp d |||| | spa d | ||
| 020 | _a84-85501-82-9 | ||
| 100 | 1 |
_aMorínigo, Marcos A. _9148369 |
|
| 245 | 1 | 0 |
_aDiccionario de americanismos / _cMarcos A. Morínigo. |
| 260 |
_aBarcelona : _bMuchnik, _c1985. |
||
| 300 |
_a738 p. ; _c22 cm. |
||
| 650 | 4 |
_aLengua española- _xAmericanismos- _vDiccionarios. _9148368 |
|
| 852 |
_aES-MaACL _jL-8563 |
||
| 999 |
_c107214 _d107214 |
||